Civilización / (Registro nro. 34373)
[ vista simple ]
| 000 -CABECERA | |
|---|---|
| campo de control de longitud fija | 00551nam a2200169 a 4500 |
| 001 - NÚMERO DE CONTROL | |
| campo de control | 000034882 |
| 005 - FECHA Y HORA DE LA ÚLTIMA TRANSACCIÓN | |
| campo de control | 20200930073949.0 |
| 008 - DATOS DE LONGITUD FIJA--INFORMACIÓN GENERAL | |
| campo de control de longitud fija | 111021s1969 es 000 0 spa d |
| 040 ## - FUENTE DE LA CATALOGACIÓN | |
| Centro catalogador/agencia de origen | DO-SdBNP |
| Lengua de catalogación | spa |
| Centro/agencia transcriptor | BNPHU |
| 049 ## - FONDOS LOCALES (OCLC) | |
| Fondos de biblioteca | BNPD |
| 100 1# - ENTRADA PRINCIPAL--NOMBRE DE PERSONA | |
| Nombre de persona | Clark, Kenneth, |
| Fechas asociadas al nombre | 1903-1983. |
| 9 (RLIN) | 60439 |
| 240 10 - TÍTULO UNIFORME | |
| Título uniforme | Civilisation, a personal view |
| Lenguaje de la obra | inglés |
| 245 10 - MENCIÓN DE TÍTULO | |
| Título | Civilización / |
| Mención de responsabilidad, etc. | Kenneth Clark. |
| 260 ## - PUBLICACIÓN, DISTRIBUCIÓN, ETC. | |
| Lugar de publicación, distribución, etc. | Madrid : |
| Nombre del editor, distribuidor, etc. | Alianza Editorial, |
| Fecha de publicación, distribución, etc. | 1969. |
| 300 ## - DESCRIPCIÓN FÍSICA | |
| Extensión | 267 p. ; : |
| Otras características físicas | il. ; |
| Dimensiones | 19 cm. |
| 590 ## - NOTA LOCAL (RLIN) | |
| Nota local | Perteneció a la biblioteca personal de Juan Isidro Jimenes Grullón. |
| Estado de retiro | Estado de pérdida | Restricciones de uso | No para préstamo | Código de colección | Localización permanente | Ubicación/localización actual | Ubicación en estantería | Fecha de adquisición | Número de inventario | Total de préstamos | Signatura topográfica completa | Código de barras | Fecha visto por última vez | Precio válido a partir de | Tipo de ítem Koha | Nota pública | Número de copia |
|---|---|---|---|---|---|---|---|---|---|---|---|---|---|---|---|---|---|
| Excluido de préstamo | Monografías: Libros y Folletos | General | General | En catalogación | 21.10.2011 | LF1 | 34882-10 | 25.06.2020 | 25.06.2020 | No se presta | Perteneció a la biblioteca personal de Juan Isidro Jimenes Grullón. | ||||||
| Excluido de préstamo | Monografías: Libros y Folletos | General | General | En catalogación | 21.10.2011 | LF1 | 34882-20 | 25.06.2020 | 25.06.2020 | No se presta | Perteneció a la biblioteca personal de Juan Isidro Jimenes Grullón. | e. 2 |
